000
00193nam a22001097a 4500
041
_a
eng
080
_a
80
100
_a
Dubisz, S.
245
_a
Jezyk i My1
650
_a
Polish
999
_c
278023
_d
278023
942
_c
BK